000 00342nam a2200157Ia 4500
001 9368
008 140326s9999 xx 000 0 und d
020 _a0-7517-2013-7
040 _cPK-LaUMT
082 _aR 330
_bECO-
245 _aEconomics : First year study guides
260 _c1993
300 _a295 p.
546 _aEN
942 _cBK
999 _c10515
_d10515